| 000 | 00570nam a2200205Ia 4500 | ||
|---|---|---|---|
| 003 | GCL | ||
| 008 | 140319s9999 xx 000 0 ara d | ||
| 040 |
_aGCL / _cGCL |
||
| 082 | 0 | 4 |
_a932.53 _bز ت |
| 100 | 1 | _aمحمد مصطفى زيادة | |
| 245 | 1 | 0 |
_aتاريخ مصر القديم والاسلامى / _cمحمد مصطفى زيادة |
| 700 | 1 | _aزكى على | |
| 300 | _a144 ص | ||
| 490 | _a | ||
| 650 | 0 | 4 | _aمصر |
| 650 | 0 | 4 | _aالتاريخ الاسلامى |
| 650 | 0 | 4 | _aالتاريخ |
| 650 | 0 | 4 | _aالتاريخ القديم |
| 942 |
_2ddc _cBK |
||
| 999 |
_c45338 _d45338 |
||